000 00528nam a2200145 i 4500
001 159833
003 ES-MaACL
005 20230906211824.0
008 990701s1849 sp |||| | spa d
245 0 4 _aLos misterios de la Torre de San Juan o Los caballeros templarios /
_cnovela traducida del francés.
246 3 0 _aLos caballeros templarios
260 _aMadrid :
_b[s.n.],
_c1849 (
_fImp. de José María Alonso)
300 _a1 v. (VIII, 281 ; 367 p.) ;
_c16 cm.
852 _aES-MaACL
_jD-3876
_z- Enc. hol.
_z- 2 t. en 1 v.
999 _c159833
_d159833